|
|
|
|
| LEADER |
00000cam a2200000 7i4500 |
| 001 |
0000044296 |
| 005 |
20141228.0 |
| 008 |
141228 |
| 020 |
|
|
|a 9671156308
|
| 020 |
|
|
|a 9789671156308
|
| 090 |
0 |
0 |
|a 598.09595
|b ROS
|
| 100 |
1 |
|
|a Rosla Mustakim
|
| 245 |
1 |
0 |
|a Burung-burung di Semenanjung Malaysia :
|b Hak milik kita yang terlepas pandang (Jilid 1)
|c Rosla Mustakim .
|n Part One
|
| 260 |
|
|
|a Kuala Lumpur :
|b Red Door Hunt ,
|c 2014
|
| 300 |
|
|
|a li, 369pg. :
|b col. ill. ;
|c 26.5cm.
|
| 500 |
|
|
|a Includes index
|
| 650 |
|
0 |
|a Birds
|x Indentification
|z Malaysia
|
| 650 |
|
0 |
|a Birds
|z Malaysia
|
| 999 |
|
|
|a 0001330652
|b Book
|c REFERENCE
|e Perbadanan Perpustakaan Awam Johor
|
| 999 |
|
|
|a 0001330657
|b Book
|c REFERENCE
|e Perbadanan Perpustakaan Awam Johor
|